000 00959nam a2200277 i 4500
001 000013783
003 DO-SdBNP
005 20230927145842.0
007 ta
008 091130s2001 dr a 000 0 spa d
040 _aDO-SdBNP
_bspa
_cBNPHU
_erda
049 _aBNPD
082 4 _bG354m
_222
100 1 _aGeraldes, Francisco X.
_931272
_eautor
245 1 0 _aManual de métodos para el estudio y monitoreo de ecosistemas costeros marinos tropicales /
_cFrancisco X. Geraldes, Mónica B. Vega.
264 _aSanto Domingo :
_bFundación Dominicana Pro Investigación y Conservación de los Recursos Marinos,
_c2001.
300 _a158 páginas :
_bilustraciones ;
_c29 cm.
336 _2rdacontent
_atexto
_btxt
337 _2rdamedia
_asin mediación
_bn
338 _2rdacarrier
_avolumen
_bnc
504 _aBibliográfia : p. 157-158
590 _aInventariado, 2023/BT
700 1 _aVega, Monica B.
_917984
910 _aBtavárez
942 _2ddc
_cLBS1
999 _c13395
_d13395